Das Wendische Dorf auf der Ausstellung des Sächsischen Handwerks und Kunstgewerbes in Dresden 1896
| Titel: | Das Wendische Dorf auf der Ausstellung des Sächsischen Handwerks und Kunstgewerbes in Dresden 1896 : Bausteine zu seiner Rekonstruktion |
|---|---|
| Verfasser: | |
| In: |
Sorbisches Institut: Lětopis, Band 41, Heft 1 (1994), Seite 74-89, il. 9 alle Artikel anzeigen |
| Veröffentlicht: | 1994 |
| Format: | Aufsatz |
| Sprache: | Polnisch |
X
alg: 39466969 001A $01999:12-11-16 001B $01999:01-06-17 $t17:59:13.000 001C $06050:19-11-16 $t09:36:05.000 001D $01999:12-11-16 001U $0utf8 001X $00 002@ $0Aox 003@ $039466969X 007A $039466969X $aHEB 007T $0Herdww005038 010@ $apol 011@ $a1994 021A $aDas @Wendische Dorf auf der Ausstellung des Sächsischen Handwerks und Kunstgewerbes in Dresden 1896 $dBausteine zu seiner Rekonstruktion 028A $aMirtschin $dHans 031A $d41 $e1 $h74-89, il. 9 $j1994 039B $aIn $8--Abvc--Sorbisches Institut [Tb1]. Lětopis. - Bautzen : Domowina-Verl., 1992-. - ISSN 0943-2787 $x199400000410001926 $9048608750 045T $a10 $a8,1 $a9,10 lok: 39466969 78 exp: 39466969 78 1 #EPN 201B/01 $005-03-20 $t23:02:58.000 201U/01 $0utf8 203@/01 $0790780186 208@/01 $a12-11-16 $be 209A/01 $a/ $f000 $x00 220C/01 $aTitelaufnehmer: TJ 220C/01 $aHerkunft: IH UWr 220C/01 $aAnmerkung: omówienie wystawy saskiego rzemiosła, na której prezentowana była wioska łużycka 244Z/01 $2Trx $#Silesia $#Śląsk $#Sliezsko $#Slezsko $8--Trx--Schlesien $x01 $9391173987 244Z/01 $#Dresden $#Drježdźany $#Drezdzany $#Drezden $#Dreßden $#Königliche Haupt- und Residenzstadt Dresden $#Haupt- und Residenzstadt Dresden $#Drezno $#Drážd'any $#State Capital Dresden $#Dresde $#Landeshauptstadt Dresden $#Stadt Dresden $#Desde $#Dressden $#Dresda $#Friedrichstadt $74012995-0 $8--Tg1--Dresden $x02 $9085028460 244Z/01 $aGeschichte 1896 $x03 244Z/01 $2Trx $#näitused, ajaloolised $#parodos, istorijos $#exhibitions, historical $#történelmi kiállitások $#wystawy historyczne $#výstavy, historické $#výstavy historické $8--Trx--Ausstellungen, historische $x04 $9391383426 244Z/01 $2Trx $8--Trx--Zeitschriftenaufsatz $x05 $9391384341 247C/01 $82080>Marburg/Lahn, Herder-Institut, Forschungsbibliothek, Bibliographieportal $9336309341
| LEADER | 00000caa a22000002c 4500 | ||
|---|---|---|---|
| 001 | 39466969X | ||
| 003 | DE-603 | ||
| 005 | 20170601175913.0 | ||
| 007 | tu | ||
| 008 | 161112s1994 xx |||| | u00||u|pol c | ||
| 035 | |a (DE-599)HEB39466969X | ||
| 040 | |a DE-603 |b ger |c DE-603 |d DE-603 | ||
| 041 | |a pol | ||
| 084 | |a 10 |a 8,1 |a 9,10 |2 ssgn | ||
| 100 | 1 | |a Mirtschin, Hans | |
| 245 | 0 | 0 | |a Das Wendische Dorf auf der Ausstellung des Sächsischen Handwerks und Kunstgewerbes in Dresden 1896 |b Bausteine zu seiner Rekonstruktion |
| 264 | 0 | |c 1994 | |
| 773 | 0 | 8 | |i In |a Sorbisches Institut |t Lětopis |d Bautzen : Domowina-Verl., 1992- |h 24 cm |x 0943-2787 |g Band 41, Heft 1 (1994), Seite 74-89, il. 9 |w (DE-603)048608750 |w (DE-600)1116990-4 |
| 924 | 0 | |9 2080 |a (DE-603)790780186 |b DE-2080 |c HES |d d |g / | |


